Una casa alla fine del mondo /

সংরক্ষণ করুন:
গ্রন্থ-পঞ্জীর বিবরন
প্রধান লেখক: Cunningham, Michael, (1952- ) (লেখক)
অন্যান্য লেখক: Capriolo, Ettore, (1926-2013)
বিন্যাস: গ্রন্থ
ভাষা:ইতালিয়
প্রকাশিত: °Milano! : Tascabili Bompiani, 2003
মালা:Tascabili Bompiani ; 855
ট্যাগগুলো: ট্যাগ যুক্ত করুন
কোনো ট্যাগ নেই, প্রথমজন হিসাবে ট্যাগ করুন!

MARC

LEADER 00000nam a2200000 i 4500
001 IT\ICCU\LO1\0764025
003 ItRI
005 20260216160202.0
008 030710s2003 it |||||| ||||| |||||c
015 |2 IT  |a 2004-9015 
020 |a 8845254445 
020 |b (attr. erroneamente)  |z 8845254453  |b (attr. erroneamente) 
040 |b ita  |c Arcigay Verona 
041 7 |a ita  |2 ISO-639-2 
082 |a 813.54  |9 NARRATIVA AMERICANA IN LINGUA INGLESE, 1945-1999  |2 21 
100 1 |a Cunningham, Michael,  |d  (1952- )  |0 IT\ICCU\RAVV\057062  |4 aut 
240 1 2 |a A home at the end of the world.  |3 IT\ICCU\RAV\0138849  |9 Cunningham, Michael <1952- > 
245 1 4 |a Una casa alla fine del mondo /  |c Michael Cunningham ; traduzione di Ettore Capriolo. 
260 |a °Milano! :  |b Tascabili Bompiani,  |c 2003 
300 |a 368 p. ;  |c 20 cm. 
700 1 |a Capriolo, Ettore,  |d  (1926-2013)  |0 IT\ICCU\CFIV\014193 
830 0 |a Tascabili Bompiani ;  |v 855  |0 IT\ICCU\CFI\0000031 
942 |2 ddc  |c BK  |n 0 
952 |0 0  |1 0  |4 0  |6 813_540000000000000_CUN_CAS  |7 0  |9 33014  |a VR  |b VR  |d 2026-02-16  |i 150  |l 0  |o 813.54 CUN CAS  |p OBE-150  |r 2026-02-16 15:28:38  |w 2026-02-16  |y BK 
999 |c 28685  |d 28685